भारतीय सामाजिक व्यवस्था / (Record no. 51172)
[ view plain ]
| 000 -LEADER | |
|---|---|
| fixed length control field | 01359nam a22002897a 4500 |
| 005 - DATE AND TIME OF LATEST TRANSACTION | |
| control field | 20080929101452.0 |
| 008 - FIXED-LENGTH DATA ELEMENTS--GENERAL INFORMATION | |
| fixed length control field | 080929t xxu||||| |||| 00| 0chin d |
| 010 ## - LCCN (DPL NO) | |
| LC control number | HIN-92093 |
| 020 ## - INTERNATIONAL STANDARD BOOK NUMBER | |
| International Standard Book Number | 9788191096965 |
| Terms of availability | 520.00 |
| 035 ## - SYSTEM CONTROL NUMBER | |
| System control number | HN-64439 |
| 037 ## - SOURCE OF ACQUISITION | |
| Source of stock number/acquisition | DBAD / PUB |
| 040 ## - CATALOGING SOURCE | |
| Original cataloging agency | DPL |
| Language of cataloging | HN |
| 082 ## - DEWEY DECIMAL CLASSIFICATION NUMBER | |
| Classification number | 301.0954 |
| 100 ## - MAIN ENTRY--PERSONAL NAME | |
| 9 (RLIN) | 26640 |
| Personal name | तोमर, देवेन्द्र पाल सिंह |
| 245 ## - TITLE STATEMENT | |
| Title | भारतीय सामाजिक व्यवस्था / |
| Remainder of title | देवेन्द्र पाल सिंह तोमर |
| 246 ## - VARYING FORM OF TITLE | |
| Title proper/short title | Bhaartiya saamajika vayavasthaa |
| Remainder of title | by Devender pal singh Tomar |
| 260 ## - PUBLICATION, DISTRIBUTION, ETC. (IMPRINT) | |
| Place of publication, distribution, etc | दिल्ली |
| Name of publisher, distributor, etc | आर्या पब्लिकेशन्स |
| Date of publication, distribution, etc | 2010 |
| 270 ## - ADDRESS | |
| Address | A-20,गली न.4, हरदेव पुरी 100 फुटा रोड़, पंजाब नैशनल बैंक के सामने, |
| City | दिल्ली |
| Postal code | 110093 |
| Telephone number | 011-22813582, 9013676475 |
| Electronic mail address | aarypub@yahoo.in |
| 300 ## - PHYSICAL DESCRIPTION | |
| Extent | 280पृ. |
| Dimensions | 23सेमी (सजिल्द) |
| 650 ## - SUBJECT ADDED ENTRY--TOPICAL TERM | |
| 9 (RLIN) | 697 |
| 650 ## - SUBJECT ADDED ENTRY--TOPICAL TERM | |
| 9 (RLIN) | 26674 |
| 650 ## - SUBJECT ADDED ENTRY--TOPICAL TERM | |
| 9 (RLIN) | 698 |
| 700 ## - ADDED ENTRY--PERSONAL NAME | |
| 9 (RLIN) | 26643 |
| 710 ## - ADDED ENTRY--CORPORATE NAME | |
| 9 (RLIN) | 26662 |
| 942 ## - ADDED ENTRY ELEMENTS (KOHA) | |
| Source of classification or shelving scheme | Dewey Decimal Classification |
| Item type | Hindi Books |
| Classification part | 301.0954 |
| Call number suffix | तोमर |
| Withdrawn status | Lost status | Source of classification or shelving scheme | Damaged status | Not for loan | Collection code | Home library | Current library | Date acquired | Source of acquisition | Cost, normal purchase price | Total Checkouts | Full call number | Barcode | Date last seen | Copy number | Cost, replacement price | Koha item type |
|---|---|---|---|---|---|---|---|---|---|---|---|---|---|---|---|---|---|
| Dewey Decimal Classification | Not For Loan | Non-fiction | D.B.Act.Division | D.B.Act.Division | 21/03/2011 | DBAD / PUB | 520.00 | 301.0954 तोमर | HN-64439 | 21/03/2011 | 1 | 520.00 | Hindi Books |
